| 000 | 01062nam a2200217Ia 4500 | ||
|---|---|---|---|
| 003 | Ost | ||
| 005 | 20260507075120.0 | ||
| 008 | 260507s9999||||xx |||||||||||||| ||und|| | ||
| 040 | _cfsecg | ||
| 041 | _aara | ||
| 082 | _a330 | ||
| 100 |
_aمعروف، هوشيار _eمؤلف |
||
| 245 | 0 |
_aالإستثمارات والأسواق المالية / _c هوشيار معروف |
|
| 260 |
_aعمان: _bدار صفاء للنشر والتوزيع, _c2003 |
||
| 300 |
_a309 صفحة؛ _bإيضاحات ؛ _c25 سم |
||
| 520 | _aأساسيات الإستثمار- تصنيف الاسواق المالية وأهميتها الإقتصادية- أسواق رأس المال- المشتقات- المحفظة الإستثمارية- الاسواق المالية الدولية وأسعار الصرف الاجنبي- مخاطر الإستثمارات- الاسواق المالية في الدول العربية | ||
| 653 | _aالإستثمارات | ||
| 653 | _aالاسواق المالية | ||
| 653 | _aالإقتصاد المالي | ||
| 942 | _cكتاب | ||
| 999 |
_c43074 _d43074 |
||